000 00861nam a2200193 i 4500
001 44080
003 ES-MaACL
005 20250902093016.0
007 t|
008 030320s1966 sp ||||1| spa d
245 0 0 _aCiclo de conferencias de carácter informativo, en torno a los problemas y perspectivas que plantea el impulso económico y social del Polo de Desarrollo situado en Zaragoza.
260 _a[Zaragoza :
_bCaja de Ahorros y Monte de Piedad de Zaragoza, Aragón y Rioja,
_c1966]
300 _a257 p., 3 lám. :
_b9 gráf. ;
_c24 cm.
594 _aPrecede al tít.: Real y Excma. Sociedad Económica Aragonesa de Amigos del País.
651 4 _aZaragoza (Provincia)-
_xSituación económica.
_9164505
710 2 _aReal Sociedad Económica Aragonesa de Amigos del País
_96382
852 _aES-MaACL
_jC-30923
999 _c44080
_d44080